Kempes engineers year book, (Record no. 545179)
[ view plain ]
| 000 -LEADER | |
|---|---|
| fixed length control field | 00471ncm a2200157 a 4500 |
| 082 ## - DEWEY DECIMAL CLASSIFICATION NUMBER | |
| Classification number | 620.005 |
| Author Mark | KEM |
| -- | L-13, P-20 |
| 100 1# - MAIN ENTRY--PERSONAL NAME | |
| Personal name | Pendred, b.w. |
| 9 (RLIN) | 40965 |
| 245 1# - TITLE STATEMENT | |
| Title | Kempes engineers year book, |
| Remainder of title | B.w pendred, m.i. mech.e. |
| 250 ## - EDITION STATEMENT | |
| Edition statement | 57th ed. |
| 260 ## - PUBLICATION, DISTRIBUTION, ETC. | |
| Place of publication, distribution, etc. | London. |
| Name of publisher, distributor, etc. | Morgan brothers |
| Date of publication, distribution, etc. | c1952. |
| 300 ## - PHYSICAL DESCRIPTION | |
| Extent | lxix, 1440 p. |
| Other physical details | ill. |
| Dimensions | 22 cm. |
| 526 ## - STUDY PROGRAM INFORMATION NOTE | |
| Program name | 0 |
| Interest level | 0 |
| Reading level | 0 |
| Title point value | 620_005000000000000_KEM |
| 526 ## - STUDY PROGRAM INFORMATION NOTE | |
| Program name | 0 |
| Interest level | 0 |
| Reading level | 0 |
| Title point value | 620_500000000000000_KEM |
| 650 ## - SUBJECT ADDED ENTRY--TOPICAL TERM | |
| Topical term or geographic name entry element | MCE |
| 9 (RLIN) | 379 |
| 942 ## - ADDED ENTRY ELEMENTS (KOHA) | |
| Source of classification or shelving scheme | |
| Koha item type | Book |
| Withdrawn status | Lost status | Source of classification or shelving scheme | Damaged status | Not for loan | Permanent Location | Current Location | Date acquired | Total Checkouts | Full call number | Barcode | Date last seen | Price effective from | Koha item type |
|---|---|---|---|---|---|---|---|---|---|---|---|---|---|
| Military College of Engineering (MCE) | Military College of Engineering (MCE) | 11/14/2014 | 620.005 KEM | MCE-33403 | 11/14/2014 | 11/14/2014 | Book | ||||||
| Military College of Engineering (MCE) | Military College of Engineering (MCE) | 05/19/2014 | 620.5 KEM | MCE-30323 | 05/19/2014 | 03/14/2021 | Book |
